Online
Catalog
Normal view MARC view

Entry Nombre personal

Number of records used in: 41

001 - NÚMERO DE CONTROL

  • campo de control: 670

003 - IDENTIFICADOR DEL NÚMERO DE CONTROL

  • campo de control: BNPHU

005 - FECHA Y HORA DE LA ÚLTIMA TRANSACCIÓN

  • campo de control: 20250217091457.0

008 - DATOS DE LONGITUD FIJA

  • campo de control de longitud fija: 200615|| aca||aabn | a|a d

010 ## - NÚMERO DE CONTROL DE LA BIBLIOTECA DEL CONGRESO

  • Número de control de LC: n 92120794

040 ## - FUENTE DE LA CATALOGACIÓN

  • Centro catalogador/agencia de origen: DO-SdBNP
  • Lengua de catalogación: spa
  • Centro/agencia transcriptor: BNPHU
  • Normas de descripción: rda

100 1# - ENCABEZAMIENTO-NOMBRE DE PERSONA

  • Nombre de persona: López Rodríguez, Nicolás de Jesús,
  • Fechas asociadas al nombre: 1936-

370 ## - LUGAR ASOCIADO

  • Lugar de nacimiento: La Vega (República Dominicana)

374 ## - OCUPACIÓN

  • Ocupación: Cardenal

375 ## - GÉNERO/SEXO

  • Género/Sexo: Masculino

377 ## - LENGUA/LENGUAJE ASOCIADO

  • Código del idioma: spa
  • Término de lengua/lenguaje: Español

400 1# - TRAZADO DE VÉASE--NOMBRE DE PERSONA

  • Nombre de persona: Rodríguez, Nicolás de Jesús López,
  • Fechas asociadas al nombre: 1936-

670 ## - FUENTE DE DATOS ENCONTRADOS

  • Cita de la fuente: Juanes, Benigno, S. J. , Elementos de los grupos de oración , 1993.

670 ## - FUENTE DE DATOS ENCONTRADOS

  • Cita de la fuente: En torno al Quinto Centenario, 1992:

Powered by Koha